Congreso de Historia del Descubrimiento (1492-1556) : actas (ponencias y comunicaciones) actas (ponencias y comunicaciones)
Publicado:
Madrid :
Real Academia de la Historia : Confederación Española de Cajas de Ahorros ,
1992
Descripción Física:
4 v. ; 24 cm
MARC
| LEADER | 00000nam a2200000Ia 4500 | ||
|---|---|---|---|
| 001 | 9835, 9836, 9837, 9838 | ||
| 008 | 160829s1992 xx 000 0 cat d | ||
| 080 | |a H-1-256, H-1-257, H-1-258, H-1-259 | ||
| 100 | |a Congreso de Historia del Descubrimiento (1492-1556) (1991 : Madrid) |9 29060 | ||
| 245 | |a Congreso de Historia del Descubrimiento (1492-1556) : |b actas (ponencias y comunicaciones) | ||
| 260 | |a Madrid : |b Real Academia de la Historia : |b Confederación Española de Cajas de Ahorros, |c 1992 | ||
| 300 | |a 4 v. ; |c 24 cm | ||
| 650 | |a Amèrica |x Descobriment i exploracions |x Congressos |9 29061 | ||
| 700 | |a Real Academia de la Historia (Espanya) |9 29062 | ||
| 700 | |a Confederación Española de Cajas de Ahorros |9 29063 | ||
| 901 | |a Arxiu | ||
| 942 | |n 1 | ||
| 952 | |0 0 |1 0 |4 0 |6 H1256_H1257_H1258_H1259 |7 1 |9 45030 |a Arxiu |b Arxiu |d 2016-12-01 |l 0 |o H-1-256, H-1-257, H-1-258, H-1-259 |p 9835, 9836, 9837, 98 |r 2016-12-01 00:00:00 |w 2016-12-01 |y ARXIU | ||
| 999 | |c 47650 |d 47650 | ||